INSIDE African forests: new perspectives on D. O. Fagunwa’s novels

Guardat en:
Dades bibliogràfiques
Format: Llibre
Idioma:anglès
Publicat: Universal Books 2015
Etiquetes: Afegir etiqueta
Sense etiquetes, Sigues el primer a etiquetar aquest registre!

MARC

LEADER 00000nam a22000007a 4500
008 210122b ||||| |||| 00| 0 eng d
020 |a  978-1-910609-01-9 
245 |a INSIDE African forests:   |b  new perspectives on D. O. Fagunwa’s novels  |c  Gbemisola Adeoti  |g  230p 
260 |b  Universal Books  |c  2015  |d Books  |h Leeds, UK:   |i 688989  |l PR9387.9 .In7  |m Fagunwa, O. – Criticism and interpretation. 
500 |a “It includes references” 
942 |a lcc  |c BK  |e Adekanye I. H.  |f 22/01/2021 
952 |0 0  |1 0  |2 lcc  |4 0  |6 PR93879 I N7  |7 0  |9 1509  |a HOL  |b HOL  |c LP  |d 2021-01-22  |l 0  |o PR9387.9 .In7  |p 2021-0305  |r 2021-01-22 00:00:00  |w 2021-01-22  |y BK 
999 |c 791  |d 791